| 000 | 00389nam a22001337a 4500 | ||
|---|---|---|---|
| 082 |
_a604.2 _bABB _cL-12, P-36 |
||
| 100 |
_aW. Abbott _940191 |
||
| 245 |
_aTechnical drawing _bEnglish language book society _cAbbott, W |
||
| 260 |
_aGreat britain _bBlackie & sons ltd. _c1962 |
||
| 300 |
_a212 p. _bill. |
||
| 526 |
_a0 _b0 _c0 _d604_200000000000000_ABB |
||
| 650 |
_aMCE _9379 |
||
| 942 |
_2ddc _cBK |
||
| 999 |
_c544541 _d544541 |
||